A traitor to memory . (Record no. 350687)

000 -LEADER
fixed length control field 01495cam a2200385 a 4500
001 - CONTROL NUMBER
control field 12329293
003 - CONTROL NUMBER IDENTIFIER
control field OSt
005 - DATE AND TIME OF LATEST TRANSACTION
control field 20180116183023.0
008 - FIXED-LENGTH DATA ELEMENTS--GENERAL INFORMATION
fixed length control field 010228s2001 nyu 000 1 eng
010 ## - LIBRARY OF CONGRESS CONTROL NUMBER
LC control number 2001025488
020 ## - INTERNATIONAL STANDARD BOOK NUMBER
International Standard Book Number 0553801279
040 ## - CATALOGING SOURCE
Original cataloging agency DLC
Transcribing agency DLC
Modifying agency DLC
043 ## - GEOGRAPHIC AREA CODE
Geographic area code e-uk-en
050 00 - LIBRARY OF CONGRESS CALL NUMBER
Classification number PS3557.E478
Item number T72 2001b
082 00 - DEWEY DECIMAL CLASSIFICATION NUMBER
Classification number 813.54
Edition number 21
100 1# - MAIN ENTRY--PERSONAL NAME
Personal name George, Elizabeth,
Dates associated with a name 1949-
245 12 - TITLE STATEMENT
Title A traitor to memory .
Statement of responsibility, etc. Elizabeth George.
260 ## - PUBLICATION, DISTRIBUTION, ETC.
Place of publication, distribution, etc. New York .
Name of publisher, distributor, etc. Bantam Books,
Date of publication, distribution, etc. 2001.
300 ## - PHYSICAL DESCRIPTION
Extent 722 p. ;
Dimensions 25 cm.
500 ## - GENERAL NOTE
General note Paper Cover
600 10 - SUBJECT ADDED ENTRY--PERSONAL NAME
Personal name Lynley, Thomas
Form subdivision Fiction.
650 #0 - SUBJECT ADDED ENTRY--TOPICAL TERM
Topical term or geographic name entry element Havers, Barbara (Fictitious character)
Form subdivision Fiction.
650 #0 - SUBJECT ADDED ENTRY--TOPICAL TERM
Topical term or geographic name entry element Police
Geographic subdivision England
-- London
Form subdivision Fiction.
650 #0 - SUBJECT ADDED ENTRY--TOPICAL TERM
Topical term or geographic name entry element Hit-and-run drivers
Form subdivision Fiction.
650 #0 - SUBJECT ADDED ENTRY--TOPICAL TERM
Topical term or geographic name entry element Violinists
Form subdivision Fiction.
651 #0 - SUBJECT ADDED ENTRY--GEOGRAPHIC NAME
Geographic name London (England)
Form subdivision Fiction.
655 #7 - INDEX TERM--GENRE/FORM
Genre/form data or focus term Mystery fiction.
Source of term gsafd
700 ## - ADDED ENTRY--PERSONAL NAME
Personal name George, Elizabeth,
856 42 - ELECTRONIC LOCATION AND ACCESS
Materials specified Contributor biographical information
Uniform Resource Identifier <a href="http://www.loc.gov/catdir/bios/random053/2001025488.html">http://www.loc.gov/catdir/bios/random053/2001025488.html</a>
856 41 - ELECTRONIC LOCATION AND ACCESS
Materials specified Sample text
Uniform Resource Identifier <a href="http://www.loc.gov/catdir/samples/random044/2001025488.html">http://www.loc.gov/catdir/samples/random044/2001025488.html</a>
856 42 - ELECTRONIC LOCATION AND ACCESS
Materials specified Publisher description
Uniform Resource Identifier <a href="http://www.loc.gov/catdir/description/random0411/2001025488.html">http://www.loc.gov/catdir/description/random0411/2001025488.html</a>
906 ## - LOCAL DATA ELEMENT F, LDF (RLIN)
a 7
b cbc
c orignew
d 1
e ocip
f 20
g y-gencatlg
942 ## - ADDED ENTRY ELEMENTS (KOHA)
Source of classification or shelving scheme
Koha item type Book
Call number prefix 813.54
Holdings
Withdrawn status Lost status Source of classification or shelving scheme Damaged status Not for loan Collection code Permanent Location Current Location Shelving location Date acquired Total Checkouts Full call number Barcode Date last seen Price effective from Koha item type
            Central Library (CL) Central Library (CL) Fiction 12/02/2015   813.54 GEO NBSD-2232 12/02/2015 12/02/2015 Book
© 2023 Central Library, National University of Sciences and Technology. All Rights Reserved.